[Event "Hampstead U2200 Open Aug 2013"]
[Site "Hampstead"]
[Date "2013.08.26"]
[Round "5"]
[White "Sagues, Vincent"]
[Black "Levene, Joseph"]
[Result "1/2-1/2"]
[WhiteElo "1919"]
[BlackElo "1729"]
[EventRounds "6"]

1. e4 e5 2. Nf3 Nc6 3. Bb5 Nf6 4. O-O Nxe4 5. Re1 Nd6 6. Nxe5 Nxe5 7. Rxe5+
Be7 8. Bf1 O-O 9. d4 Bf6 10. Re1 Nf5 11. Be3 c5 12. c3 cxd4 13. cxd4 Qb6 14.
Nd2 Nxe3 15. fxe3 d5 16. b3 Bf5 17. Qf3 Qe6 18. g3 Rfe8 19. Bg2 Bg5 20. Nf1
Be4 21. Qh5 Bh6 22. Bxe4 Qxe4 23. Rac1 Rac8 24. Qe2 g6 25. Rxc8 Rxc8 26. Nd2
Qe7 27. Qd3 Qb4 28. Nf3 Qa5 29. Re2 Rc3 30. Qd2 Qa6 31. Kf2 Rc6 32. Ne5 Re6
33. Nd3 Qd6 34. Nf4 Rf6 35. Kg2 g5 36. Nd3 Qe6 37. Ne5 Qf5 38. Rf2 Qe4+ 39.
Kf1 Bg7 40. Rxf6 Bxf6 41. Nd3 h5 42. Nc5 Qe7 43. Qf2 Bg7 44. Nd3 Qe4 45. Nc5
Qe7 46. Nd3 Bf6 47. Qd2 b6 48. Kf2 Qe4 49. Kg1 Kh8 50. Nf2 Qf3 51. Nd3 Qe4 52.
Nf2 Qe6 53. Nd3 Kg7 54. Qf2 Qe4 55. Qd2 Kh6 56. Nf2 Qe7 57. Nd3 a5 58. Kg2 Qe6
59. Kg1 Be7 60. Qe2 Bd6 61. Qf3 f5 62. Kg2 Qe4 63. Qxe4 fxe4 64. Nb2 b5 65. a4
Ba3 66. Nd1 bxa4 67. bxa4 Bb4 68. h3 Kg6 69. g4 h4 70. Kf2 Kf6 71. Ke2 {#d}
1/2-1/2

[Event "Hampstead U2200 Open Aug 2013"]
[Site "Hampstead"]
[Date "2013.08.26"]
[Round "5"]
[White "Nayak, Raghav"]
[Black "Wei, Naomi"]
[Result "0-1"]
[WhiteElo "1693"]
[BlackElo "1759"]
[EventRounds "6"]

1. e4 e6 2. d4 d5 3. Nd2 Nf6 4. e5 Nfd7 5. f4 c5 6. c3 Nc6 7. Ndf3 Qb6 8. Ne2
cxd4 9. cxd4 Be7 10. Nc3 O-O 11. Bd3 f6 12. O-O fxe5 13. Na4 Qa5 14. fxe5 a6
15. Qc2 Kh8 16. a3 Rxf3 17. gxf3 Nxd4 18. Qd1 Nxe5 19. Nc3 Nexf3+ 20. Rxf3
Nxf3+ 21. Qxf3 Qd8 22. Qh5 g6 23. Qf3 Bd7 24. b4 Bc6 25. Qe2 Bf6 26. Bb2 Bd4+
27. Kh1 Bxc3 28. Bxc3+ d4+ 29. Be4 Bxe4+ 30. Qxe4 dxc3 31. Qe5+ Kg8 32. Qxe6+
Kg7 33. Qe5+ Qf6 34. Qc7+ Qf7 35. Qxc3+ Kg8 36. Rd1 Rf8 37. Qe3 b5 38. Rd6
Qf1+ 39. Qg1 Qf4 40. Rd7 Qe4+ {#R} 0-1

[Event "Hampstead U2200 Open Aug 2013"]
[Site "Hampstead"]
[Date "2013.08.26"]
[Round "6"]
[White "Villiers, Thomas"]
[Black "Horton, Justin"]
[Result "1-0"]
[WhiteElo "1985"]
[BlackElo "2090"]
[EventRounds "6"]

1. c4 g6 2. g3 Bg7 3. Bg2 Nf6 4. Nc3 O-O 5. Rb1 c6 6. Nf3 d5 7. d4 Bf5 8. Ra1
dxc4 9. O-O Ne4 10. Ne1 Nxc3 11. bxc3 Qd7 12. Ba3 Re8 13. e4 Bh3 14. f4 b5 15.
f5 Bxg2 16. Nxg2 a5 17. Ne3 b4 18. Bb2 c5 19. cxb4 c3 20. fxg6 hxg6 21. Bxc3
cxd4 22. Qf3 e5 23. Rad1 Qa7 24. Bd2 dxe3 25. Bxe3 Qb7 26. b5 Nd7 27. Qxf7+
{#r} 1-0

[Event "Hampstead U2200 Open Aug 2013"]
[Site "Hampstead"]
[Date "2013.08.26"]
[Round "6"]
[White "Craft, Isaac"]
[Black "Doci, Stefan"]
[Result "1-0"]
[WhiteElo "2010"]
[BlackElo "2076"]
[EventRounds "6"]

1. d4 g6 2. c4 Nf6 3. Nc3 d5 4. cxd5 Nxd5 5. e4 Nxc3 6. bxc3 Bg7 7. Qa4+ Nd7
8. Be3 O-O 9. Rc1 e5 10. Nf3 f5 11. exf5 gxf5 12. Nxe5 f4 13. Bc4+ Kh8 14.
Nf7+ Rxf7 15. Bxf7 fxe3 16. O-O Nf6 17. fxe3 Qe7 18. Qb3 Qxe3+ 19. Kh1 Ng4 20.
Qb2 Qh6 21. h3 Ne3 22. Rf3 Nf5 23. Re1 Nd6 24. Re7 Bg4 25. Rf2 Rf8 26. Kg1 Bf5
27. Rxc7 Qg5 28. Bd5 Bxh3 29. Rxf8+ Bxf8 30. Bxb7 Nxb7 31. Rxb7 Bd6 32. Rf7
Be6 33. Rf2 Qh5 34. Qb7 Bh2+ 35. Kh1 Bg3+ 36. Kg1 Bh2+ 37. Kh1 Bf4+ 38. Kg1
Qh2+ 39. Kf1 Bc4+ 40. Re2 Qh1+ 41. Kf2 Qh4+ 42. Kf1 Bxe2+ 43. Kxe2 Qg4+ 44.
Kd3 Qg6+ 45. Kc4 Bb8 46. Kb5 $138 {1-0, Time.} {#r} 1-0

[Event "Hampstead U2200 Open Aug 2013"]
[Site "Hampstead"]
[Date "2013.08.26"]
[Round "6"]
[White "Giles, Yasmin"]
[Black "Murphy, Conor"]
[Result "0-1"]
[WhiteElo "1882"]
[BlackElo "1972"]
[EventRounds "6"]

1. e4 c5 2. Nc3 Nc6 3. Bb5 Nd4 4. Nf3 Nxb5 5. Nxb5 a6 6. Nc3 d6 7. d4 cxd4 8.
Qxd4 Nf6 9. Bg5 e6 10. O-O-O Be7 11. Bxf6 gxf6 12. Nd2 b5 13. Rhe1 Qc7 14. Kb1
Qc5 15. Nb3 Qxd4 16. Nxd4 Bd7 17. a3 Rc8 18. f4 Rc4 19. Re3 Rg8 20. Rd2 Bd8
21. Nb3 Ke7 22. Red3 Bc7 23. Nd4 Ba5 24. b4 Bc7 25. g3 Rc8 26. Nd1 Bb8 27. Kb2
Ba7 28. Ne3 Bxd4+ 29. Rxd4 Rxd4 30. Rxd4 h5 31. Kb3 h4 32. g4 e5 33. Rd3 Be6+
34. Nd5+ Bxd5+ 35. exd5 Rc4 36. fxe5 fxe5 37. h3 e4 38. Rc3 Rd4 39. Re3 Kf6
40. c3 Rc4 41. Kc2 Ke5 42. Re2 Kxd5 43. Rf2 Ke6 44. g5 e3 45. Rf6+ Ke7 46. Rf3
Re4 47. Kd3 e2 {#R} 0-1

[Event "Hampstead U2200 Open Aug 2013"]
[Site "Hampstead"]
[Date "2013.08.26"]
[Round "6"]
[White "Landau, Jonathan"]
[Black "Prior, Stephen"]
[Result "1-0"]
[WhiteElo "1924"]
[BlackElo "2006"]
[EventRounds "6"]

1. e4 g6 2. d4 Bg7 3. Nf3 d6 4. Bd3 Nd7 5. c3 e5 6. O-O Qe7 7. Re1 Ngf6 8.
Nbd2 O-O 9. Nf1 Re8 10. h3 Nf8 11. Qb3 c6 12. dxe5 dxe5 13. Ng3 Ne6 14. Be3
Nd7 15. Qc2 h6 16. Rad1 a6 17. Bf1 Kh7 18. Nf5 gxf5 19. exf5 Kh8 20. fxe6 Qxe6
21. Nd2 Rg8 22. Bc4 Qf6 23. Bb3 Nf8 24. Ne4 Qe7 25. Bc5 Qc7 26. Bd6 Qb6 27.
Bxf7 Be6 28. Bxg8 Bxg8 29. Bc5 Qc7 30. Nd6 Ne6 31. Be3 Rf8 32. Qg6 Rf6 33. Qh5
Qe7 34. Nf5 Qf8 35. Nxg7 Nxg7 36. Qxe5 Bd5 37. Rxd5 cxd5 38. Bd4 Rg6 39. Qe8
{#r} 1-0

[Event "Hampstead U2200 Open Aug 2013"]
[Site "Hampstead"]
[Date "2013.08.26"]
[Round "6"]
[White "Kalerwa, Edwin"]
[Black "Sucikova, Svetlana"]
[Result "1-0"]
[WhiteElo "1782"]
[BlackElo "1962"]
[EventRounds "6"]

1. c4 e5 2. Nc3 Nc6 3. g3 g6 4. Bg2 Bg7 5. d3 d6 6. Nf3 f5 7. Nd5 Nf6 8. Bg5
h6 9. Nxf6+ Bxf6 10. Bxf6 Qxf6 11. Rb1 a5 12. a3 O-O 13. O-O Kh7 14. e3 f4 15.
Nd2 Bf5 16. Ne4 Bxe4 17. Bxe4 f3 18. h4 Kh8 19. Kh2 g5 20. hxg5 hxg5 21. Rh1
g4 22. Kg1+ Kg8 23. Qb3 Nd8 24. c5+ Nf7 25. cxd6 cxd6 26. Rh4 Kg7 27. Rxg4+
Kh8 28. Rg6 Qe7 29. Bxf3 Ng5 30. Kg2 Kh7 31. Rxg5 Qxg5 32. Qxb7+ Qg7 33. Rh1+
Kg6 34. Qxg7+ Kxg7 35. Bxa8 Rxa8 36. Rb1 a4 37. b4 Kf6 38. b5 Ke7 39. b6 Kd7
40. d4 Kc6 41. b7 Rb8 42. dxe5 dxe5 43. Rb4 Kc7 44. Kf3 Rf8+ 45. Ke4 Kb8 46.
f4 exf4 47. gxf4 Re8+ 48. Kf3 Rd8 49. f5 Rd1 50. Rxa4 Kxb7 51. Rd4 Ra1 52. a4
Kc6 53. Ke4 Rf1 54. Ke5 {#r} 1-0

[Event "Hampstead U2200 Open Aug 2013"]
[Site "Hampstead"]
[Date "2013.08.26"]
[Round "6"]
[White "Verma, Aditya"]
[Black "Shaw, Dashiell L"]
[Result "0-1"]
[WhiteElo "1625"]
[BlackElo "1927"]
[EventRounds "6"]

1. e4 c5 2. Nc3 Nc6 3. Bb5 g6 4. Bxc6 bxc6 5. f4 Bg7 6. d3 d5 7. Nf3 e6 8. O-O
Ne7 9. Qe1 Ba6 10. e5 Nf5 11. Kh1 h5 12. Na4 Bf8 13. b3 c4 14. Qd2 Be7 15. Re1
Bb5 16. Nb2 cxd3 17. a4 Ba6 18. Nxd3 c5 19. Ba3 Rc8 20. Qf2 Bxd3 21. cxd3 Qb6
22. Rac1 O-O 23. Nd2 Rc6 24. Rg1 Kg7 25. Rb1 Qa6 26. Qf1 h4 27. Qf3 Qb6 28.
Rgc1 Rh8 29. h3 Rb8 30. Kh2 Nd4 31. Qd1 Qa6 32. Nf3 Nf5 33. d4 Rbc8 34. dxc5
Bxc5 35. b4 Be3 36. b5 Bxf4+ 37. Kh1 Ng3+ 38. Kh2 Ne4+ 39. Kg1 Qb6+ 40. Nd4
Rxc1 41. Rxc1 Rxc1 42. Bxc1 Bxc1 43. Qxc1 Qxd4+ 44. Kh2 Qxe5+ 45. Kh1 Ng3+ 46.
Kg1 Ne2+ {#R} 0-1

[Event "Hampstead U2200 Open Aug 2013"]
[Site "Hampstead"]
[Date "2013.08.26"]
[Round "6"]
[White "French, Angus"]
[Black "Gupta, Arul"]
[Result "1/2-1/2"]
[WhiteElo "2003"]
[BlackElo "1781"]
[EventRounds "6"]

1. e4 e5 2. Nf3 Nc6 3. d4 exd4 4. Nxd4 Bc5 5. Nxc6 Qf6 6. Qd2 dxc6 7. Nc3 Be6
8. Na4 Rd8 9. Bd3 Bd4 10. O-O b5 11. Nc3 Ne7 12. Nd1 O-O 13. Qg5 Qxg5 14. Bxg5
f6 15. Be3 f5 16. Re1 f4 17. Bxd4 Rxd4 18. Nc3 Ng6 19. f3 Ne5 20. Bf1 Rd2 21.
Rac1 Rfd8 22. b3 g5 23. Red1 a6 24. Rxd2 Rxd2 25. Nb1 Rd7 26. Kf2 c5 27. Be2
c4 28. Nc3 c5 29. g3 cxb3 30. axb3 Rd2 31. gxf4 gxf4 32. Nb1 Rd6 33. Rg1+ Kf7
34. Rg5 Kf6 35. Rh5 Rd7 36. Ke1 Rc7 37. Rh6+ Ng6 38. Rh5 Ne5 39. Rh6+ Ng6 40.
Rh5 Ne5 {#d} 1/2-1/2

[Event "Hampstead U2200 Open Aug 2013"]
[Site "Hampstead"]
[Date "2013.08.26"]
[Round "6"]
[White "Bryant, Jonathan"]
[Black "Thynne, Trefor F"]
[Result "1/2-1/2"]
[WhiteElo "1911"]
[BlackElo "1970"]
[EventRounds "6"]

1. Nf3 d5 2. d4 Nf6 3. c4 c6 4. Qc2 dxc4 5. Qxc4 Bf5 6. g3 e6 7. Bg2 Be7 8.
O-O O-O 9. e3 Nbd7 10. Nc3 Re8 11. Qe2 {#d} 1/2-1/2

[Event "Hampstead U2200 Open Aug 2013"]
[Site "Hampstead"]
[Date "2013.08.26"]
[Round "6"]
[White "Mondal, Prince"]
[Black "Kalavannan, Koby"]
[Result "1/2-1/2"]
[WhiteElo "1933"]
[BlackElo "1758"]
[EventRounds "6"]

1. e4 c5 2. Nf3 e6 3. d4 cxd4 4. Nxd4 a6 5. c4 Nf6 6. Nc3 Qc7 7. Be3 Be7 8.
Be2 O-O 9. O-O Nc6 10. Qd2 Ne5 11. b3 Neg4 12. Bf4 e5 13. Bxg4 Nxg4 14. Bg3
Qa5 15. Nc2 d6 16. f3 Nh6 17. Rfd1 Rd8 18. Nd5 Qxd2 19. Nxe7+ Kf8 20. Rxd2
Kxe7 21. Rad1 Be6 22. Bf2 f6 23. Ne3 Nf7 24. Nd5+ Bxd5 25. Rxd5 Rac8 26. Bb6
Rd7 27. c5 Ke6 28. b4 g5 29. Kf2 h6 30. a4 Rc6 31. Ke3 Rc8 32. R1d3 Rc6 33.
Kd2 Rc8 34. g4 Rc6 35. Ke2 Rc8 36. Ke1 Rc6 37. Kd2 Rc8 38. b5 axb5 39. axb5
Ke7 40. Kc3 Ke6 41. Kb3 Ke7 42. cxd6+ Nxd6 43. Ba5 Ke6 44. Bb4 Rcd8 45. Ba3
Rc8 46. Bb4 Rcd8 47. Rxd6+ Rxd6 48. Bxd6 Rxd6 49. Rxd6+ Kxd6 50. Kc3 b6 51.
Kb4 Ke6 52. Kb3 Kd6 53. Kb4 Ke6 54. h3 Kd6 55. Kc4 Ke6 56. Kb4 Kd6 {#d}
1/2-1/2

[Event "Hampstead U2200 Open Aug 2013"]
[Site "Hampstead"]
[Date "2013.08.26"]
[Round "6"]
[White "Marshall, Michael"]
[Black "Tillett, Matthew"]
[Result "1-0"]
[WhiteElo "1839"]
[BlackElo "1922"]
[EventRounds "6"]

1. c4 Nf6 2. g3 c6 3. Bg2 d5 4. Nf3 Bg4 5. O-O e6 6. cxd5 exd5 7. d4 Bd6 8.
Nc3 O-O 9. Bg5 Nbd7 10. Rc1 h6 11. Bd2 Ne4 12. Ne1 Nxc3 13. Rxc3 Re8 14. f3
Bf5 15. Nd3 Qf6 16. e3 Re7 17. Kh1 Qg6 18. Bc1 Rae8 19. a3 Nb6 20. b3 Qh7 21.
Nc5 Qg6 22. e4 dxe4 23. fxe4 Bg4 24. Qc2 Qh5 25. e5 Bxc5 26. Rxc5 Nd5 27. Qf2
f6 28. exf6 Nxf6 29. Rxh5 {#r} 1-0

[Event "Hampstead U2200 Open Aug 2013"]
[Site "Hampstead"]
[Date "2013.08.26"]
[Round "6"]
[White "Wei, Naomi"]
[Black "Galan Fernandez, Felix"]
[Result "0-1"]
[WhiteElo "1759"]
[BlackElo "2000"]
[EventRounds "6"]

1. d4 Nf6 2. c4 c5 3. d5 e6 4. Nc3 exd5 5. cxd5 d6 6. e4 g6 7. h3 Bg7 8. Nf3
O-O 9. Bd3 b5 10. Bxb5 Nxe4 11. Nxe4 Qa5+ 12. Nc3 Bxc3+ 13. bxc3 Qxb5 14. Be3
Bf5 15. Qb3 Qa6 16. c4 Nd7 17. O-O Rab8 18. Qc3 Rfe8 19. Nh4 Ne5 20. Nxf5 gxf5
21. Rfc1 Rb4 22. Bh6 Rxc4 23. Qg3+ Ng6 24. Qg5 Rxc1+ 25. Rxc1 Qe2 26. Qf6 Qe5
27. Qg5 f4 28. Qg4 Qxd5 29. h4 Qe6 30. Qg5 f6 31. Qh5 Qe5 32. Qg4 Qe6 33.
Qxe6+ Rxe6 34. h5 Ne5 35. Rb1 Nd3 36. Rb7 Re1+ 37. Kh2 Re5 38. Rb8+ Kf7 39.
Rb7+ Ke6 40. Rxh7 Rxh5+ 41. Kg1 c4 42. Rh8 c3 43. Re8+ Kd7 44. Re2 Rxh6 45.
Rc2 Nc5 46. Rxc3 Ke6 47. Ra3 a6 48. Kf1 Rh8 49. Rf3 Ke5 50. Ke2 Rb8 51. a3
Rb2+ 52. Kd1 Nb3 53. g3 fxg3 54. Rxg3 d5 55. Re3+ Kd4 56. Rf3 Ke5 57. Re3+ Kf5
58. Rf3+ Kg6 59. Rg3+ Kf7 60. f4 Ke6 61. a4 a5 62. Rc3 Kf5 63. Rc6 d4 64. Rd6
Kxf4 65. Rxf6+ Ke3 66. Re6+ Kd3 67. Ke1 Kc4 68. Rc6+ Kb4 69. Rb6+ Kxa4 70. Rb8
Ka3 {#R} 0-1

[Event "Hampstead U2200 Open Aug 2013"]
[Site "Hampstead"]
[Date "2013.08.26"]
[Round "6"]
[White "White, David J"]
[Black "Barasi, Paul"]
[Result "1/2-1/2"]
[WhiteElo "1941"]
[BlackElo "1914"]
[EventRounds "6"]

1. e4 c5 2. c3 g6 3. d4 cxd4 4. cxd4 d5 5. e5 Nc6 6. Nf3 Bg4 7. Be2 Nh6 8. Nc3
Bxf3 9. Bxf3 e6 10. Be3 Nf5 11. O-O h5 12. Qd2 Qd7 13. Rac1 Bg7 14. a3 O-O 15.
b4 a6 16. g3 b5 17. Ne2 a5 18. Rc5 axb4 19. axb4 Ra4 20. Rb1 Rfa8 21. Qc3 Ra3
22. Rb3 Rxb3 23. Qxb3 Kh7 24. Qc3 Ra6 25. Qd3 Rb6 {#d} 1/2-1/2

[Event "Hampstead U2200 Open Aug 2013"]
[Site "Hampstead"]
[Date "2013.08.26"]
[Round "6"]
[White "Millward, David J"]
[Black "Pietrzak, Tomasz"]
[Result "0-1"]
[WhiteElo "1958"]
[BlackElo "1935"]
[EventRounds "6"]

1. e4 c5 2. Nc3 g6 3. f4 Bg7 4. Nf3 Nc6 5. g3 e6 6. Bg2 Nge7 7. O-O O-O 8. d3
Rb8 9. Be3 Nd4 10. Qd2 d5 11. Nd1 dxe4 12. dxe4 Nxf3+ 13. Bxf3 Qxd2 14. Bxd2
e5 15. c3 Rd8 16. Be3 b6 17. Nf2 Be6 18. Be2 c4 19. Rfd1 Nc6 20. Rxd8+ Rxd8
21. Rd1 Rxd1+ 22. Bxd1 b5 23. Kf1 Kf8 24. Ke1 Ke7 25. Kd2 Kd6 26. Bc2 a5 27.
f5 Bd7 28. g4 Ne7 29. h4 h5 30. gxh5 gxf5 31. exf5 Bxf5 32. Ne4+ Kd5 33. Ng3
Bxc2 34. Kxc2 Ke6 35. h6 Bh8 36. Kd2 f5 37. Bg5 Nd5 38. Bd8 a4 39. a3 Nf4 40.
Bg5 Nd3 41. Kc2 e4 42. Ne2 Kd5 43. Be7 f4 44. Bf8 f3 45. Ng3 e3 46. Kd1 Nxb2+
47. Ke1 Nd3+ 48. Kf1 e2+ 49. Nxe2 fxe2+ 50. Kxe2 Nf4+ 51. Kf3 Ng6 52. Bg7
Nxh4+ 53. Kg4 Ng6 54. Kg5 Bxg7 55. hxg7 Ne7 56. Kf6 Kd6 57. Kf7 b4 {#R} 0-1

[Event "Hampstead U2200 Open Aug 2013"]
[Site "Hampstead"]
[Date "2013.08.26"]
[Round "6"]
[White "Jain, Gautam"]
[Black "Nayak, Raghav"]
[Result "1-0"]
[WhiteElo "1661"]
[BlackElo "1693"]
[EventRounds "6"]

1. e4 c5 2. Nc3 e6 3. f4 d5 4. d3 Nc6 5. Nf3 Nf6 6. Be2 Be7 7. O-O O-O 8. b3
a6 9. a4 Bd7 10. Ne5 d4 11. Nxd7 Qxd7 12. Nb1 b5 13. Nd2 Rfb8 14. Nf3 bxa4 15.
Rxa4 Rb4 16. Rxb4 Nxb4 17. Ne5 Qc7 18. Bd2 Nd7 19. Nc4 a5 20. Bxb4 axb4 21.
Bg4 Ra2 22. f5 exf5 23. Bxf5 h6 24. Qe2 Ne5 25. Nxe5 Qxe5 26. Bd7 Bd6 27. g3
Ra7 28. Bb5 Qg5 29. Qf3 Qg6 30. Bc4 Be5 31. Kg2 Bf6 32. Qf5 Qxf5 33. Rxf5 Rc7
34. e5 Bg5 35. h4 Bd2 36. h5 Kf8 37. e6 f6 38. Kf3 Bg5 39. Bb5 Ke7 40. Bd7 Bc1
41. Ke4 Bg5 42. Rd5 Bd2 43. Kf5 Be1 44. g4 Bh4 45. Kg6 Be1 46. Kxg7 Bd2 47.
Rf5 Bg5 48. Kg6 Kf8 49. Rxf6+ Bxf6 50. Kxf6 Kg8 51. e7 Rxd7 52. e8=Q+ {#r} 1-0